Studi sull'integrazione europea

Detalles Bibliográficos
Formato: Desconocido
Lenguaje:italiano
Publicado: Bari : Cacucci
Materias:
Acceso en línea:Acceso restringido

MARC

LEADER 00000ny a22000003n 4500
005 20110513110614.0
008 060605c20069999it tr p 0 0ita
010 |a 2006206719 
022 |a 1970-0903 
035 |a 4667 
040 |a DLC  |c DLC  |d vLex 
090 |c 1847  |d 1847 
245 3 0 |a Studi sull'integrazione europea  |h [Recurso electrn̤ico] 
256 |a Servicio en ln̕ea. 
260 |a Bari :  |b Cacucci 
310 |a Cuatrimestral 
506 1 |a Contenido solo disponible en los productos indicados  |d vLex Global  |d vLex Global (Academic Edition, excluding Law Schools)  |d vLex Global (U.S. Academic Edition, Law Schools)  |d vLex Global (U.S. Academic Edition, excluding Law Schools)  |d vLex Global (Academic Edition, Law Schools) 
650 0 4 |a Regionalismo  |x Publicaciones perid̤icas 
740 0 |a vLex Revista (Servicios en ln̕ea) 
843 |a Electrn̤ica. Abierta 
853 |8 1  |i (year)  |j (month)  |k (day) 
856 4 0 |z Acceso restringido  |u http://vlex.com/account/login_ip?fuente_id=4667  
942 |c REV 
999 0 |a Decentralization in government  |z European Union countries. 
999 0 |a Regionalism  |z European Union countries. 
999 0 |a European Union.